000 00748nam a2200205Ia 4500
005 20260121110121.0
008 008 260114s9999 xx 000 0 hin d
020 _a9788132358367
037 _aEBOOK
040 _aCRL
_bhin
_cCRL
041 _ahin
_2hin
084 _qCRL
100 _aप्रखर मौर्य / Prakhar Maurya
_9942259
245 0 _aवैदिक कालीन भारत: समाज एवं संस्कृति का स्वरूप / Vedic Kalin Bharat: Samaj aur Sanskriti ka Swaroop
260 _bभाषा प्रकाशन / Bhasha Prakashan
_c2021
856 _uhttps://bhashaprakashan.com/product-details/378977
942 _cEBOOK
999 _c1533924
_d1533924